| 000 | 00000nam 2200000zi 4500 |
| 001 | 9.945637 |
| 003 | CaOODSP |
| 005 | 20241127104744 |
| 006 | m o d f |
| 007 | cr |n||||||||| |
| 008 | 241127t20012001onc o f00| 0 fre d |
| 020 | |z0660616149 |
| 040 | |aCaOODSP|bfre|erda|cCaOODSP |
| 043 | |an-cn--- |
| 086 | 1 |aJU1-4/2000F-PDF|zJU1-4/2000 |
| 110 | 1 |aCanada.|bBureau du Commissaire à la magistrature fédérale, |eorganisme de publication. |
| 245 | 10|aTable récapitulative du Recueil des arrêts de la Cour fédérale (1997-2000) / |cpublié par le Bureau du Commissaire à la magistrature fédérale. |
| 264 | 1|aOttawa, Canada : |bBureau du Commissaire à la magistrature fédérale, |c[2001] |
| 264 | 4|c©2001 |
| 300 | |a1 ressource en ligne (xxxii, 364 pages) |
| 336 | |atexte|btxt|2rdacontent/fre |
| 337 | |ainformatique|bc|2rdamedia/fre |
| 338 | |aressource en ligne|bcr|2rdacarrier/fre |
| 500 | |aPublié aussi en anglais sous le titre : Federal Court reports, consolidated index (1997-2000). |
| 500 | |aÉdition numérisée de l'imprimée [par Direction des publications du Gouvernement du Canada]. |
| 650 | 6|aJurisprudence|vRecueils, répertoires, etc.|zCanada|vIndex. |
| 775 | 08|tFederal Court reports consolidated index (1997-2000) / |w(CaOODSP)9.945628 |
| 856 | 40|qPDF|s297 Ko|uhttps://publications.gc.ca/collections/collection_2024/cmf-fja/JU1-4-2000-fra.pdf |